An Analysis Of The Income Tax Act, 2015 (ACT 896) From A Civil Society Perspective With A Special Focus On Tax On Rent Income A Project Undertaken By The Center For Budget Advocacy, Ghana (Record no. 5816)

MARC details
000 -LEADER
fixed length control field 00729nam a22001697a 4500
003 - CONTROL NUMBER IDENTIFIER
control field OSt
005 - DATE AND TIME OF LATEST TRANSACTION
control field 20251204162401.0
008 - FIXED-LENGTH DATA ELEMENTS--GENERAL INFORMATION
fixed length control field 251204b |||||||| |||| 00| 0 eng d
041 ## - LANGUAGE CODE
Language code of text/sound track or separate title English
082 ## - DEWEY DECIMAL CLASSIFICATION NUMBER
Classification number PER/053/16
110 ## - MAIN ENTRY--CORPORATE NAME
Corporate name or jurisdiction name as entry element Centre For Budget Advocacy, Ghana
245 ## - TITLE STATEMENT
Title An Analysis Of The Income Tax Act, 2015 (ACT 896) From A Civil Society Perspective With A Special Focus On Tax On Rent Income A Project Undertaken By The Center For Budget Advocacy, Ghana
260 ## - PUBLICATION, DISTRIBUTION, ETC.
Place of publication, distribution, etc. Accra:
Name of publisher, distributor, etc. Centre For Budget Advocay Ghana,
Date of publication, distribution, etc. 2016.
300 ## - PHYSICAL DESCRIPTION
Extent 10.5p. : graph, tabs.
653 ## - INDEX TERM--UNCONTROLLED
Uncontrolled term An Analysis Of The Income Tax Act, 2015(Act 896) From A Civil Society Perspective With A Special Focus On Tax On Rent Income
942 ## - ADDED ENTRY ELEMENTS (KOHA)
Source of classification or shelving scheme Dewey Decimal Classification
Koha item type Periodicals
Suppress in OPAC No
Holdings
Withdrawn status Lost status Source of classification or shelving scheme Damaged status Not for loan Home library Current library Shelving location Date acquired Total checkouts Date last seen Price effective from Koha item type
    Dewey Decimal Classification     Main Library Main Library Open Shelves 04/12/2025   04/12/2025 04/12/2025 Periodicals
©2026  Parliament of Ghana Library - All rights reserved